000 00304nam a22001337a 4500
008 181016b xxu||||| |||| 00| 0 eng d
020 _a9780538833363
041 _aeng
080 _a330.722
100 _a62
101 _aKON
245 _aFinancial Mnagement Accouting
_cWarren.R
942 _2udc
_cBK
999 _c49944
_d49944